Logo BPK

Biblioteka

Politechniki Koszalińskiej

Jak i gdzie skutecznie szukać pracy? / (Rekord nr 56674)

Szczegóły MARC
000 -ETYKIETA REKORDU
podpole kontrolne o stałej długości 00974nam a2200277 i 4500
001 - NUMER KONTROLNY REKORDU
pole kontrolne bg
015 ## - NUMER BIBLIOGRAFII NARODOWEJ
Numer bibliografii narodowej PB 25902/2007
020 ## - MIĘDZYNARODOWY ZNORMALIZOWANY NUMER KSIĄŻKI - ISBN
ISBN 9788375264050
040 ## - ŹRÓDŁO KATALOGOWANIA
Instytucja, która utworzyła rekord BPK
041 ## - KOD JĘZYKA
Kod języka tekstu pol
044 ## - KOD KRAJU WYDAWCY/PRODUCENTA
Kod kraju wydawcy/producenta POL
080 ## - UNIWERSALNA KLASYFIKACJA DZIESIĘTNA - UKD
UKD 331.53(083.1)
920 ## - Międzynarodowy znormalizowany numer książki – ISBN
ISBN 978-83-7526-405-0
008 - POLE O STAŁEJ DŁUGOŚCI - DANE KONTROLNE
podpole kontrolne o stałej długości 090811s2007 pl a |000 0 pol
100 1# - NAZWA OSOBOWA
Nazwa osobowa Polczyk, Magdalena.
245 10 - TYTUŁ/ODPOWIEDZIALNOŚĆ
Tytuł Jak i gdzie skutecznie szukać pracy? /
Pozostałe elementy strefy tytułu i oznaczenia odpowiedzialności Magdalena Polczyk.
260 ## - STREFA ADRESU WYDAWNICZEGO
Miejsce wydania Warszawa :
Nazwa wydawcy/dystrybutora Wolters Kluwer Polska,
Data publikacji, dystrybucji/powstania dokumentu 2007.
300 ## - STREFA OPISU FIZYCZNEGO
Objętość 119, [1] s. :
Inne cechy fizyczne il. ;
Rozmiary 22 cm.
490 1# - STREFA SERII I DOKUMENTU WIELOCZĘŚCIOWEGO - FORMA NIE DO WYSZUKIWANIA
Tytuł i oznaczenie odpowiedzialności serii Biblioteka Gazety Wyborczej.
-- 6 Kroków do Nowej Pracy
Numeracja w obrębie serii 2
500 ## - UWAGI OGÓLNE
Tekst uwagi Na okł.: Na co zwracają uwagę pracodawcy podczas rekrutacji?, kontakty osobiste, ogłoszenia prasowe, internet, czyli różne metody poszukiwania pracy, jak czytać ogłoszenia o pracy?
650 #9 - HASŁO PRZEDMIOTOWE W FORMIE NAZWY OGÓLNEJ LUB JEDNOSTKOWEJ
Nazwa ogólna lub geograficzna Poszukiwanie pracy
650 #9 - HASŁO PRZEDMIOTOWE W FORMIE NAZWY OGÓLNEJ LUB JEDNOSTKOWEJ
Nazwa ogólna lub geograficzna Pracy
655 ## - TERMIN INDEKSOWY - OKREŚLENIE RODZAJU/FORMY DOKUMENTU
Określenie rodzaju/formy dokumentu Poradniki
830 ## - HASŁO DODATKOWE SERII LUB DOKUMENTU WIELOCZĘŚCIOWEGO - TYTUŁ UJEDNOLICONY
Tytuł ujednolicony Biblioteka Gazety Wyborczej.
Nazwa części/sekcji dzieła 6 Kroków do Nowej Pracy
856 ## - LOKALIZACJA I DOSTĘP DO ELEKTRONICZNYCH DOKUMENTÓW ZDALNYCH
Link (URL) http://koha.tu.koszalin.pl/cgi-bin/koha/opac-detail.pl?biblionumber=56674
Tekst linku Katalog online BPK
942 ## - DODATKOWE ELEMENTY (KOHA)
Typ dokumentu Książka
Egzemplarze
Wycofany Status egzemplarza Uszkodzony Dostępność Lokalizacja stała Lokalizacja bieżąca Miejsce przechowywania Sygnatura Kod kreskowy Dział Typ dokumentu
      Tylko na miejscu Biblioteka Politechniki Koszalińskiej Biblioteka Politechniki Koszalińskiej Czytelnia Wydziałowa ul. Kwiatkowskiego 6e 91664 02485478 331 Praca Książka
© 2023 Biblioteka Politechniki Koszalińskiej :: KOHA